| 000 | 00881nam a22002417a 4500 | ||
|---|---|---|---|
| 005 | 20160601020002.0 | ||
| 008 | 140423s2011 ck abdogr|||| 00| 0 spa d | ||
| 020 | _a9789588594576 | ||
| 041 | _aspa | ||
| 044 | _ack | ||
| 082 |
_a591.9861 _bE19i |
||
| 110 | 2 |
_aEcopetrol _928370 |
|
| 245 | 1 | 0 |
_aIctiofauna del Río Orotoy _bdistribución e importancia _cEcopetrol, Universidad de los Llanos |
| 260 | 3 |
_aVillavicencio _bEcopetrol _bUniversidad de los Llanos _c2011 |
|
| 300 |
_a260 p. _bil., fot., mapas, tablas, gráficas _c29 cm |
||
| 504 | _aIncluye bibliografía (páginas 258 y 259 | ||
| 650 | 4 |
_aPeces _xEstudio _zRío Orotoy _928371 |
|
| 650 | 4 |
_aPeces _xConservación _zRío Orotoy _928372 |
|
| 650 | 4 |
_aPeces _xToma de conciencia _zRío Orotoy _928373 |
|
| 650 | 4 |
_aPeces _xDescripción _zRío Orotoy _928374 |
|
| 710 | 2 |
_aUniversidad de los Llanos _93430 |
|
| 942 |
_2ddc _cLIBRO _03 |
||
| 999 |
_c8397 _d8397 |
||